Catálogo público

Apuntes de estadística / (Record no. 166716)

MARC details
000 -CABECERA
campo de control de longitud fija 00609nam a2200253Ia 4500
001 - NÚMERO DE CONTROL
campo de control Z_3634
003 - IDENTIFICADOR DEL NÚMERO DE CONTROL
campo de control CHAP
005 - FECHA Y HORA DE LA ÚLTIMA TRANSACCIÓN
campo de control 20230321145857.0
007 - CAMPO FIJO DE DESCRIPCIÓN FÍSICA--INFORMACIÓN GENERAL
campo de control de longitud fija ta
008 - DATOS DE LONGITUD FIJA--INFORMACIÓN GENERAL
campo de control de longitud fija 220113s1985 mx 000 0 spa d
010 ## - NÚMERO DE CONTROL DE LA BIBLIOTECA DEL CONGRESO
Número de control de LC 166716
040 ## - FUENTE DE LA CATALOGACIÓN
Centro catalogador/agencia de origen Z
Centro/agencia transcriptor CHAP
090 ## - LOCALMENTE ASIGNADO TIPO-LC NÚMERO DE CLASIFICACIÓN (OCLC); NÚMERO DE CLASIFICACIÓN LOCAL (RLIN)
Número de clasificación (OCLC) (R) ; Numero de clasificación, CALL (RLIN) (NR) R-52
245 10 - MENCIÓN DE TÍTULO
Título Apuntes de estadística /
260 ## - PUBLICACIÓN, DISTRIBUCIÓN, ETC.
Lugar de publicación, distribución, etc. Chapingo, Méx. :
Nombre del editor, distribuidor, etc. UACH. Departamento de Zootecnia,
Fecha de publicación, distribución, etc. 1985
300 ## - DESCRIPCIÓN FÍSICA
Extensión 18 hojas
650 1# - PUNTO DE ACCESO ADICIONAL DE MATERIA--TÉRMINO DE MATERIA
Término de materia o nombre geográfico como elemento de entrada Bloques al azar
9 (RLIN) 140841
650 1# - PUNTO DE ACCESO ADICIONAL DE MATERIA--TÉRMINO DE MATERIA
Término de materia o nombre geográfico como elemento de entrada Cuadro latino
9 (RLIN) 29921
650 1# - PUNTO DE ACCESO ADICIONAL DE MATERIA--TÉRMINO DE MATERIA
Término de materia o nombre geográfico como elemento de entrada Valores faltante
9 (RLIN) 140842
901 ## - ELEMENTOS DE DATOS A LOCAL LDA (RLIN)
a R-52
902 ## - ELEMENTOS DE DATOS B LOCAL, LDB (RLIN)
a A
910 ## - DATOS DE OPCIÓN DEL USUARIO (OCLC)
Datos de opción del usuario 1985
942 ## - ELEMENTOS DE PUNTO DE ACCESO ADICIONAL (KOHA)
Fuente del sistema de clasificación o colocación Clasificación Universidad Autónoma de Chapingo
Tipo de ítem Koha Reimpreso
Holdings
Estado de retiro Estado de pérdida Fuente del sistema de clasificación o colocación Estado dañado Restricciones de uso No para préstamo Código de colección Localización permanente Ubicación/localización actual Fecha de adquisición Total de préstamos Signatura topográfica completa Código de barras Fecha visto por última vez Número de copia Precio válido a partir de Tipo de ítem Koha
    Clasificación Universidad Autónoma de Chapingo   Préstamo interno   Reimpresos Zootecnia Zootecnia 09/11/2005   R-52 z_A0856 18/01/2022 Ej.1 18/01/2022 Reimpreso
    Clasificación Universidad Autónoma de Chapingo   Préstamo 5 días   Reimpresos Zootecnia Zootecnia 09/11/2005   R-52 z_A0857 18/01/2022 Ej.2 18/01/2022 Reimpreso
    Clasificación Universidad Autónoma de Chapingo   Préstamo 5 días   Reimpresos Zootecnia Zootecnia 09/11/2005   R-52 z_A0858 18/01/2022 Ej.3 18/01/2022 Reimpreso
    Clasificación Universidad Autónoma de Chapingo   Préstamo 5 días   Reimpresos Zootecnia Zootecnia 09/11/2005   R-52 z_A0859 18/01/2022 Ej.4 18/01/2022 Reimpreso
    Clasificación Universidad Autónoma de Chapingo   Préstamo 5 días   Reimpresos Zootecnia Zootecnia 09/11/2005   R-52 z_A0860 18/01/2022 Ej.5 18/01/2022 Reimpreso
    Clasificación Universidad Autónoma de Chapingo   Préstamo 5 días   Reimpresos Zootecnia Zootecnia 09/11/2005   R-52 z_A0861 18/01/2022 Ej.6 18/01/2022 Reimpreso